| 000 | 00852 a2200265 4500 | ||
|---|---|---|---|
| 003 | Nust | ||
| 005 | 20170207154052.0 | ||
| 010 | _a 2007048223 | ||
| 020 | _a9780816069668 (alk. paper) | ||
| 020 | _a9780816069675 (pbk) | ||
| 040 | _cNust | ||
| 082 | 0 | 0 | _a422/.03 |
| 100 | 1 | _aHendrickson, Robert, | |
| 245 | 1 | 4 |
_aThe Facts on File encyclopedia of word and phrase origins(E-BOOK) _cRobert Hendrickson. |
| 246 | 3 | 0 | _aEncyclopedia of word and phrase origins |
| 250 | _a4th ed. | ||
| 260 |
_aNew York, NY : _bFacts On File, _cc2008. |
||
| 300 |
_axi, 948 p. ; _c29 cm. |
||
| 490 | 0 | _aFacts on File library of language and literature | |
| 500 | _a"Definitions and origins of more than 15, 000 world and expressions"--Cover. | ||
| 500 | _aIncludes index. | ||
| 650 | 0 | _aEnglish language | |
| 650 | 0 |
_aEnglish language _xEtymology |
|
| 651 | _aE-BOOK | ||
| 942 |
_2ddc _cBK |
||
| 999 |
_c193176 _d193176 |
||